000
00269nam a22001217a 4500
008
180806b xxu||||| |||| 00| 0 eng d
082
_a
813.52
245
_a
Marketing Kit for Dummies
_c
HIAM.A
260
_c
2009
300
_a
1
_f
CD
760
_b
3 rd
942
_2
ddc
_c
MX
999
_c
46808
_d
46808